_Sarufi Ya Kiswahili Uchaguzi na matumizi (Record no. 5648)
[ view plain ]
| 000 -LEADER | |
|---|---|
| fixed length control field | 00428nam a2200145Ia 4500 |
| 008 - FIXED-LENGTH DATA ELEMENTS--GENERAL INFORMATION | |
| fixed length control field | 151021s9999 xx 000 0 und d |
| 050 ## - LIBRARY OF CONGRESS CALL NUMBER | |
| Classification number | PL8702.N53 2006 |
| 245 ## - TITLE STATEMENT | |
| Title | _Sarufi Ya Kiswahili Uchaguzi na matumizi |
| 260 ## - PUBLICATION, DISTRIBUTION, ETC. (IMPRINT) | |
| Place of publication, distribution, etc. | Nairobi Jomo Kenyatta Foundation 2006 |
| 300 ## - PHYSICAL DESCRIPTION | |
| Extent | v,150 p.: ill. |
| 500 ## - GENERAL NOTE | |
| General note | Includes Index |
| 650 ## - SUBJECT ADDED ENTRY--TOPICAL TERM | |
| Topical term or geographic name as entry element | _Sauti Za Kiswahili |
| 700 ## - ADDED ENTRY--PERSONAL NAME | |
| Personal name | _Kimani Njogu |
| 980 ## - EQUIVALENCE OR CROSS-REFERENCE-SERIES STATEMENT--PERSONAL NAME/TITLE [LOCAL, CANADA] | |
| Personal name | ^d20140319 09:52:50^okorir |
No items available.